Statistiken für Städte Österreichs nach Richtungsextremen

Klicken Sie hier um das Quiz zu spielen!

Allgemein

  • Dieses Quiz wurde 60 mal gespielt
  • Das Durchschnittsergebnis liegt bei 13 aus 33

Antworten auf der Karte

Die Antworten werden auf der Karte rot bzw. grün angezeigt, abhängig davon wie oft sie richtig erraten wurden.
 

Antwortstatistiken

BundeslandEinwohnerRichtungKoordinatenStadt% Korrekt
Wien1.920.949Norden, Osten, Süden, Westen48° 12′ 0″ N, 16° 22′ 0″ OWien
98%
Salzburg155.416Westen47° 48′ 0″ N, 13° 2′ 0″ OSalzburg
94%
Steiermark291.134Süden, Westen48° 18′ 11″ N, 14° 17′ 26″ OGraz
92%
Oberösterreich206.537Norden, Westen48° 18′ 11″ N, 14° 17′ 26″ OLinz
92%
Tirol131.059Westen47° 16′ 2″ N,. 11° 23′ 34″ OInnsbruck
90%
Kärnten101.765Süden46° 37′ 31″ N, 14° 18′ 25″ OKlagenfurt am Wörthersee
88%
Vorarlberg50.333Westen47° 24′ 48″ N, 9° 44′ 40″ ODornbirn
85%
Kärnten63.236Süden46° 36′ 48″ N, 13° 50′ 46″ OVillach
81%
Burgenland14.895Osten47° 50′ 44″ N, 16° 31′ 8″ OEisenstadt
75%
Vorarlberg34.987Westen47° 14′ 17″ N, 9° 35′ 54″ OFeldkirch
63%
Niederösterreich24.837Norden48° 24′ 39″ N, 15° 36′ 37″ OKrems an der Donau
50%
Niederösterreich10.723Norden48° 36′ 12″ N, 15° 10′ 8″ OZwettl (NÖ)
44%
Burgenland8.643Osten47° 56′ 55″ N, 16° 50′ 35″ ONeusiedl am See
42%
Niederösterreich6.409Norden48° 39′ 50″ N, 15° 39′ 26″ OHorn
37%
Niederösterreich11.592Norden48° 34′ 0″ N, 16° 34′ 0″ OMistelbach
33%
Niederösterreich5.289Norden48° 48′ 54″ N, 15° 17′ 9″ OWaidhofen an der Thaya
33%
Niederösterreich11.994Norden48° 33′ 46″ N, 16° 4′ 51″ OHollabrunn
29%
Niederösterreich20.375Osten48° 8′ 28″ N, 16° 28′ 43″ OSchwechat
29%
Niederösterreich11.832Osten48° 20′ 26″ N, 16° 43′ 3″ OGänserndorf
27%
Niederösterreich27.588Norden48° 18′ 18″ N, 16° 19′ 30″ OKlosterneuburg
27%
Kärnten7.206Süden46° 31′ 37″ N, 14° 18′ 7″ OFerlach
23%
Niederösterreich6.975Osten48° 8′ 52″ N, 16° 56′ 31″ OHainburg an der Donau
21%
Kärnten2.230Süden46° 29′ 11″ N, 14° 35′ 46″ OEisenkappel-Vellach
15%
Niederösterreich2.192Norden48° 56′ 36″ N, 15° 2′ 44″ OLitschau
13%
Burgenland3.418Osten48° 5′ 24″ N, 17° 4′ 5″ OKittsee
12%
Burgenland1.809Osten47° 56′ 26″ N, 17° 4′ 8″ ONickelsdorf
10%
Kärnten9.144Süden46° 33′ 46″ N, 13° 52′ 14″ OFinkenstein am Faaker See
8%
Niederösterreich3.882Norden48° 52′ 0″ N, 15° 7′ 0″ OHeidenreichstein
8%
Niederösterreich5.356Norden48° 47′ 0″ N, 15° 4′ 0″ OSchrems
8%
Burgenland626Osten48° 0′ 42″ N, 17° 6′ 20″ ODeutsch-Jahrndorf
6%
Niederösterreich475Norden48° 59′ 0″ N, 15° 3′ 0″ OHaugschlag
6%
Niederösterreich616Norden48° 58′ 0″ N, 15° 8′ 0″ OReingers
6%
Kärnten2.494Süden46° 31′ 21″ N, 14° 10′ 18″ OFeistritz im Rosental
4%

Verteilung der Resultate

Perzentil nach korrekt beantworteten Fragen

Anzahl Personen mit jedem Resultat

Ihre Resultats-Entwicklung

Sie haben dieses Quiz noch nicht gespielt